| 000 | 00795nam a2200253 i 4500 | ||
|---|---|---|---|
| 001 | 184078 | ||
| 003 | ES-MaACL | ||
| 005 | 20230906222040.0 | ||
| 008 | 150311s2007 ag | |||||||| |dspa d | ||
| 020 | _a978-950-49-1342-9 | ||
| 080 | _a94(82)"1817/60" | ||
| 100 | 1 |
_aPigna, Felipe ( _d1959-) _9156530 |
|
| 245 | 1 | 0 |
_aLos mitos de la historia argentina. _n2 / _cFelipe Pigna. |
| 246 | 3 | 0 | _aDe San Martín a "El Granero del Mundo" |
| 250 | _a14ª ed. | ||
| 260 |
_aBuenos Aires : _bPlaneta, _c2007. |
||
| 300 |
_a404 p. ; _c23 cm. |
||
| 490 | 1 | _aPlaneta historia y sociedad | |
| 504 | _aBibliografía: p. [391]-404. | ||
| 651 | 7 |
_aArgentina- _xHistoria- _y1817-1860. _9146569 |
|
| 830 | 0 |
_aPlaneta historia y sociedad _9180613 |
|
| 852 |
_aES-MaACL _jP-1987 |
||
| 999 |
_c184078 _d184078 |
||